Statistical Quality Control : (Record no. 17368)
[ view plain ]
| 000 -LEADER | |
|---|---|
| fixed length control field | 00918nam a22002895a 4500 |
| 001 - CONTROL NUMBER | |
| control field | 014524459 |
| 003 - CONTROL NUMBER IDENTIFIER | |
| control field | OSt |
| 005 - DATE AND TIME OF LATEST TRANSACTION | |
| control field | 20160330111222.0 |
| 008 - FIXED-LENGTH DATA ELEMENTS--GENERAL INFORMATION | |
| fixed length control field | 080212t2013 njua frb 001 0 eng d |
| 020 ## - INTERNATIONAL STANDARD BOOK NUMBER | |
| International Standard Book Number | 9781118322574 |
| 040 ## - CATALOGING SOURCE | |
| Original cataloging agency | EG-ScBUE |
| Language of cataloging | eng |
| Transcribing agency | EG-ScBUE |
| Modifying agency | EG-ScBUE |
| 082 04 - DEWEY DECIMAL CLASSIFICATION NUMBER | |
| Classification number | 658.562015195 |
| Item number | MON |
| Edition number | 22 |
| 100 1# - MAIN ENTRY--PERSONAL NAME | |
| Personal name | Montgomery, Douglas C. |
| 9 (RLIN) | 20592 |
| 245 10 - TITLE STATEMENT | |
| Title | Statistical Quality Control : |
| Remainder of title | a Modern Introduction / |
| Statement of responsibility, etc | Douglas C. Montgomery. |
| 250 ## - EDITION STATEMENT | |
| Edition statement | 7th ed., International student version. |
| 260 ## - PUBLICATION, DISTRIBUTION, ETC. (IMPRINT) | |
| Place of publication, distribution, etc | Hoboken : |
| Name of publisher, distributor, etc | John Wiley & Sons, |
| Date of publication, distribution, etc | c.2013. |
| 300 ## - PHYSICAL DESCRIPTION | |
| Extent | xiv, 752 p. : |
| Other physical details | ill. ; |
| Dimensions | 26 cm. |
| 500 ## - GENERAL NOTE | |
| General note | Index : p. 747-752. |
| 500 ## - GENERAL NOTE | |
| General note | Includes appendix. |
| 504 ## - BIBLIOGRAPHY, ETC. NOTE | |
| Bibliography, etc | Bibliography : p. 723-737.<br/> |
| 650 #0 - SUBJECT ADDED ENTRY--TOPICAL TERM | |
| Topical term or geographic name as entry element | Quality control |
| General subdivision | Statistical methods. |
| Source of heading or term | BUEsh |
| 9 (RLIN) | 10054 |
| 651 ## - SUBJECT ADDED ENTRY--GEOGRAPHIC NAME | |
| Source of heading or term | BUEsh |
| 653 ## - INDEX TERM--UNCONTROLLED | |
| Arrived date list | March2013 |
| 653 ## - INDEX TERM--UNCONTROLLED | |
| Resource For college | Engineering, Mechanical |
| Arrived date list | March2016 |
| 655 ## - INDEX TERM--GENRE/FORM | |
| Form subdivision | Reading book |
| -- | 34232 |
| 942 ## - ADDED ENTRY ELEMENTS (KOHA) | |
| Source of classification or shelving scheme | Dewey Decimal Classification |
| Item type | Book - Borrowing |
| Withdrawn status | Item status | Source of classification or shelving scheme | Damaged status | Not for loan | Vendor | Home library | Current library | Shelving location | Date acquired | Source of acquisition | Total Checkouts | Total Renewals | Full call number | Barcode | Date last seen | Date last borrowed | Koha item type | Cost, normal purchase price | Cost, replacement price |
|---|---|---|---|---|---|---|---|---|---|---|---|---|---|---|---|---|---|---|---|
| Dewey Decimal Classification | Baccah | Central Library | Central Library | First floor | 17/03/2013 | 7 | 45 | 658.562015195 MON | 000028506 | 15/07/2025 | 19/03/2017 | Book - Borrowing | |||||||
| Dewey Decimal Classification | Baccah | Central Library | Central Library | First floor | 17/03/2013 | 11 | 62 | 658.562015195 MON | 000028507 | 15/07/2025 | 19/03/2018 | Book - Borrowing | |||||||
| Dewey Decimal Classification | Baccah | Central Library | Central Library | First floor | 30/03/2016 | Purchase | 5 | 55 | 658.562015195 MON | 000032236 | 15/07/2025 | 04/11/2020 | Book - Borrowing | ||||||
| Dewey Decimal Classification | Baccah | Central Library | Central Library | First floor | 30/03/2016 | Purchase | 3 | 26 | 658.562015195 MON | 000032237 | 15/07/2025 | 15/03/2018 | Book - Borrowing | ||||||
| Dewey Decimal Classification | Baccah | Central Library | Central Library | First floor | 30/03/2016 | Purchase | 10 | 41 | 658.562015195 MON | 000032238 | 15/07/2025 | 01/04/2021 | Book - Borrowing | 350.00 | 438.00 |